| 000 | 00894cam a2200253 i 4500 | ||
|---|---|---|---|
| 020 | _a0471977802 | ||
| 082 | 0 | 0 |
_a625.8 _bYOD _cL-18, P-40 |
| 100 | 1 |
_aYoder, Eldon J. _943809 |
|
| 245 | 1 | 0 |
_aPrinciples of pavement design / _cE. J. Yoder, M. W. Witczak. |
| 250 | _a2d ed. | ||
| 260 |
_aNew York : _bWiley, _c[1975] |
||
| 300 |
_axiii, 711 p. : _bill. ; _c26 cm. |
||
| 500 | _a"A Wiley-Interscience publication." | ||
| 526 |
_a0 _b0 _c0 _d625_800000000000000_YOD |
||
| 526 |
_a0 _b0 _c0 _d625_800000000000000_YOD |
||
| 526 |
_a0 _b0 _c0 _d625_800000000000000_YOD |
||
| 526 |
_a0 _b0 _c0 _d625_800000000000000_YOD |
||
| 650 | 0 |
_aMCE _9379 |
|
| 650 | 0 |
_aPavements _xDesign and construction. _9916 |
|
| 700 | 1 |
_aWitczak, Matthew W., _943810 |
|
| 856 | 4 | _uhttp://www.loc.gov/catdir/toc/onix05/75012555.html | |
| 856 | 4 | 2 | _uhttp://www.loc.gov/catdir/description/wiley034/75012555.html |
| 942 |
_2ddc _cBK |
||
| 999 |
_c547664 _d547664 |
||